000 01082nabaa22002177a 4500
999 _c6278
_d6278
003 OSt
005 20260128223949.0
008 190701b xxu||||| |||| 00| 0 spa d
040 _cPJ
100 _95281
_aSilva Tamayo, Gustavo E.
245 1 0 _aUn acierto no innovativo de la Ley Bases :
_bel agotamiento de la vía administrativa /
_cGustavo E. Silva Tamayo.
300 _ap. 36-43
500 _aCita: TR LALEY AR/DOC/3279/2024
505 _aSumario: I. Introducción.— II. Fundamentos.— III. Breve referencia al derecho comparado.— IV. La regulación en la LNPA.— V. Críticas a la figura del agotamiento de la vía administrativa.— VI. Nuestra opinión.— VII. Conclusiones.
505 _t¿Te interesa el texto completo? Comunicate al correo: koha@justierradelfuego.gov.ar
650 0 _9211
_aDERECHO ADMINISTRATIVO
650 0 _91135
_aPROCEDIMIENTO ADMINISTRATIVO
650 0 _9178
_aDERECHO CONSTITUCIONAL
773 0 _02842
_93251
_dBuenos Aires : AbeledoPerrot, 2012-
_oDA121
_tDerecho administrativo. Nº 157 enero/febrero 2025
_z18510590
942 _2udc
_cANA